000 00377nam a22001457a 4500
003 OSt
005 20160727222343.0
008 160620b xxu||||| |||| 00| 0 eng d
040 _cTEST
100 _9164
_aSingh, L ., et al
245 _aScience for Ninth class. Part - II
260 _aN.D
_bEurosia Pub.
_c1995
300 _aScience for Ninth class. Part - II
942 _2ddc
_cBK
999 _c134
_d134